000 04525nam a22003137i 4500
001 TCPA 59
003 gtcocun
005 20250910222524.0
006 a||||gr|||| 00| 0
008 250910b2017 gt ||||| m||| 00| 0 eng d
040 _agtcocun
_bSPA
_cgtcocun
_eRDA
041 _aSPA
084 _0TCPA 59
100 _aTot Chén, Carlos Rubén Baldomero
_eAutor
245 _aInforme final del Ejercicio Profesional Supervisado, realizado en Constructora y Transportes J.P., Sociedad Anónima Cobán, Alta Verapaz/
_cCarlos Rubén Baldomero Tot Chén
_hImpreso
264 _aCobán, Alta Verapaz:
_bUniversidad de San Carlos de Guatemala, Centro Universitario del Norte, Licenciatura en Contaduría Pública y Auditoría.
_c2017
300 _a69 p.:
_bIlustraciones, gráficas.
_c28 cm; PDF
336 _2rdacontenido
_aTexto
_btxt
337 _2rdamedio
_aComputadora
_bn
338 _2rdasoporte
_aCódigo en línea
_bcr
502 _e.
502 _aTesis de grado
_bLicenciatura en Contaduría Pública y Auditoría.
_cUniversidad de San Carlos de Guatemala, Centro Universitario del Norte, Licenciatura en Contaduría Pública y Auditoría.
_d2017
_oTCPA 59
520 1 4 _aLa Universidad de San Carlos de Guatemala por medio del Centro Universitario del Norte; ubicado en el municipio de Cobán, Alta Verapaz, es una institución autónoma con personalidad jurídica, ofrece una gama extensa de carreras, entre estas se encuentra la de Contaduría Pública y Auditoría, la cual tiene como requisito indispensable para el cierre de pensum; la realización del Ejercicio Profesional Supervisado. El Ejercicio Profesional Supervisado (EPS) se realizó en la empresa Constructora y Transportes J.P., Sociedad Anónima, ubicada en el kilómetro 215.5 ruta Cobán a Carchá, Alta Verapaz. La que tiene como principal actividad económica la construcción de obras de ingeniería civil a nivel local y nacional, así como el arrendamiento de maquinaria especializada para la construcción y edificación. En la etapa de inicio, se realizó un diagnóstico a través del conocimiento de la unidad de práctica, en el cual se identificaron las debilidades y oportunidades, con el propósito de priorizar las actividades realizadas durante el proceso y el respectivo análisis de las situaciones encontradas de la empresa. Se determinaron diferentes problemáticas en la empresa entre las cuales se identificaron; la incertidumbre del saldo de cuentas por pagar, incertidumbre en los registros contables de los periodos fiscales del 2012 al 2015 así también la determinación incorrecta de la base imponible del Impuesto al Valor Agregado y el registro inadecuado en las operaciones contables. En la siguiente fase del Ejercicio Profesional Supervisado (EPS) se elaboró un plan de trabajo con respecto a las situaciones encontradas, en el que se describieron los objetivos generales y específicos, la metodología, recursos a utilizar y el tiempo de duración de cada una de las intervenciones . Las actividades que se realizaron para solucionar el primer problema fue la realización de una auditoría de cuentas por pagar, correspondiente al año 2011. El proceso fue desarrollado por medio de la planificación, ejecución e informe final, dando como resultado el saldo real de las cuentas por pagar. Para el segundo problema se realizaron actividades de cálculos y verificación de las facturas para obtener los valores monetarios actualizados, reestructurando los libros contables; diario, mayor, balances y la rectificación de las declaraciones de impuestos, para reflejarlos así en los estados financieros con los saldos actuales. Con el propósito de apoyar al departamento de contabilidad se procedió a realizar un manual contable para que registren y clasifiquen los gastos y transacciones de acuerdo a cada cuenta logrando reflejarlos de manera adecuada en los estados financieros. La actualización de la información contable de la empresa permitió obtener los saldos actuales de las cuentas, minimizando el riesgo de ser sancionados por la Superintendencia de Administración Tributaria (SAT).
650 _2LEMB
_aCobán, Alta Verapaz
_xcuentas por pagar
_xreestructuracion
_xmanual contable
700 _aLic. Carlos Abraham Sierra Alvarado
_eAsesor
856 _uhttps://drive.google.com/file/d/1tn3LYaZcmBL8-Bz8gOfsUpSE4g12F48Z/view?usp=sharing
_yPDF
_zUn ejemplar en línea.
942 _2ddc
_cTES
_iTCPA_59
_kClasificación
_n0
_6TCPA__59
999 _c1777
_d1777